El derecho internacional en perspectiva histórica /

Contenido: Nacimiento y consolidación del derecho internacional contemporáneo; El derecho internacional entre 1815-1914; El derecho internacional entre 1919 y 1939, reforma y modernización del sistema internacional; El orden internacional en 1945 y la inmediata posguerra; La ONU entre 1945 y 1990; O...

Fuld beskrivelse

Guardado en:
Bibliografiske detaljer
Hovedforfatter: Carrillo Salcedo, Juan Antonio (autor)
Format: Bog
Sprog:spansk
Udgivet: Madrid, España : Tecnos, 1991, c1991
Fag:
Tags: Tilføj Tag
Ingen Tags, Vær først til at tagge denne postø!

MARC

LEADER 00000nam^a2200000^a^4500
001 000102351
005 20250521000000.0
009 20260310093308.601
020 |a 84-309-1952-X 
037 |a Acervo ITESO - Biblioteca 
041 |a ESP 
082 |a 341.  |b CAR 
100 |a Carrillo Salcedo, Juan Antonio  |e (autor) 
245 1 3 |a El derecho internacional en perspectiva histórica /  |c J.A. Carrillo Salcedo. 
264 4 |a Madrid, España :  |b Tecnos,  |c 1991, c1991 
300 |a 219 p. 
336 |a texto  |b txt  |2 rdacontenido 
337 |a sin mediación  |b n  |2 rdamedio 
338 |a volumen  |b nc  |2 rdasoporte 
520 |a Contenido: Nacimiento y consolidación del derecho internacional contemporáneo; El derecho internacional entre 1815-1914; El derecho internacional entre 1919 y 1939, reforma y modernización del sistema internacional; El orden internacional en 1945 y la inmediata posguerra; La ONU entre 1945 y 1990; Organizaciones internacionales y soberanía de los estados en el orden internacional contemporáneo Organizaciones internacionales y derecho internacional: dimensiones tradicionales y factores de cambio en el orden internacional. 
610 |a ONU 
649 |a XX 
650 |a Derecho Internacional -  |x Historia 
650 |a Tratados Internacionales 
650 |a Organizaciones Internacionales 
650 |a Soberanía 
650 |a Nuevo Orden Mundial 
650 |a Política Internacional 
910 |a Fondo General 
920 |a Impresos - Libros 
930 |a Colección General 
905 |a 101 
901 |a 0500037496  |b IT1  |c ACC  |u 20250521 
902 |a https://opac.biblio.iteso.mx/vufind/Record/000102351